Statistics for Southeast Asian Countries English To Turkish

Click here to take the quiz!

General Stats

  • This quiz has been taken 109 times
    (108 since last reset)
  • The average score is 9 of 10

Answer Stats

EnglishTürkçe% Correct
ThailandTayland
100%
SingaporeSingapur
98%
PhilippinesFilipinler
97%
IndonesiaEndonezya
96%
MalaysiaMalezya
96%
LaosLaos
94%
BruneiBrunei
91%
CambodiaKamboçya
90%
East TimorDoğu Timor
89%
MyanmarMyanmar
88%

Score Distribution

Percentile by Number Answered

Percent of People with Each Score

Your Score History

You have not taken this quiz since the last reset